Grosvenor Estate Belgravia v Adams (Record no. 80505)

MARC details
000 -LEADER
fixed length control field 01390cad a22002415a 4500
001 - CONTROL NUMBER
control field L144519
008 - FIXED-LENGTH DATA ELEMENTS--GENERAL INFORMATION
fixed length control field 080725e20080319xxk v 000 0 eng d
035 ## - SYSTEM CONTROL NUMBER
System control number (Sirsi) u144519
041 0# - LANGUAGE CODE
Language code of text/sound track or separate title eng
245 00 - TITLE STATEMENT
Title Grosvenor Estate Belgravia v Adams
Medium [electronic resource]
260 ## - PUBLICATION, DISTRIBUTION, ETC.
Date of publication, distribution, etc. 2008
520 ## - SUMMARY, ETC.
Summary, etc. [2008] EWLands LRA_131_2007 19 March 2008. Case involved whether a Leasehold Valuation Tribunal had the right to extend the period for applying for permission to appeal a decision. Respondent's application fails: referring to Arrowdell v Coniston Court (North) Hove Ltd, the Tribunal found that the LVT does have the right to extend the period for appeals, but that a party who has asked for an extension after the period has elapsed has no right to have its application determined.
590 ## - LOCAL NOTE (RLIN)
Local note KA
650 24 - SUBJECT ADDED ENTRY--TOPICAL TERM
Topical term or geographic name entry element GROSVENOR ESTATE BELGRAVIA V ADAMS
650 24 - SUBJECT ADDED ENTRY--TOPICAL TERM
Topical term or geographic name entry element COMMONHOLD AND LEASEHOLD REFORM ACT 2002 S175
650 24 - SUBJECT ADDED ENTRY--TOPICAL TERM
Topical term or geographic name entry element ARROWDELL V CONISTON COURT (NORTH) HOVE LTD
650 24 - SUBJECT ADDED ENTRY--TOPICAL TERM
Topical term or geographic name entry element LEASEHOLD REFORM, HOUSING AND URBAN DEVELOPMENT ACT 1993
650 24 - SUBJECT ADDED ENTRY--TOPICAL TERM
Topical term or geographic name entry element LEASEHOLD VALUATION TRIBUNALS (PROCEDURE) (ENGLAND) REGULATIONS 2003
651 #4 - SUBJECT ADDED ENTRY--GEOGRAPHIC NAME
Geographic name England and Wales
Chronological subdivision 1543-
690 ## - LOCAL SUBJECT ADDED ENTRY--TOPICAL TERM (OCLC, RLIN)
Topical term or geographic name as entry element PROPERTY-LANDLORD AND TENANT-TENANCIES-TENANCY RENT REVIEW
856 40 - ELECTRONIC LOCATION AND ACCESS
Uniform Resource Identifier <a href="https://www.landstribunal.gov.uk/Aspx/view.aspx?id=506">https://www.landstribunal.gov.uk/Aspx/view.aspx?id=506</a>
Public note View the case free of charge at www.landstribunal.gov.uk...
942 ## - ADDED ENTRY ELEMENTS (KOHA)
Suppress in OPAC 0
Holdings
Withdrawn status Lost status Source of classification or shelving scheme Damaged status Not for loan Home library Current library Shelving location Date acquired Total Checkouts Full call number Barcode Date last seen Copy number Price effective from Koha item type
    Dewey Decimal Classification     Virtual Virtual Online 25/07/2008   ONLINE PUBLICATION 144519-1001 06/08/2019 1 06/08/2019 Law report